Province Quiz - Newfoundland and Labrador - Statistics

General Stats
  • This quiz has been taken 701 times
    619 since last reset
  • The average score is 12 of 20
Answer Stats
Hint Answer % Correct
Cape Spear is the _______most point in North America Eastern
88%
Capital of Newfoundland St. John's
87%
Group of people that tried to colonize Newfoundland around the year 1,000 A.D. Vikings
87%
Ship that sank 640 km off the coasts of Newfoundland RMS Titanic
78%
French overseas territory 20 km near Newfoundland Saint Pierre and Miquelon
70%
Slang for someone from Newfoundland Newfie
69%
Newfoundland and Labrador is the least _______ populated province Densely
62%
Person who founded that settlement Leif Erikson
62%
Type of fish that ran the economy of Newfoundland during the 19th century Cod
60%
Newfoundland shares the island of Killiniq with this territory Nunavut
59%
Gander was once home to the world's largest _______, sometimes called the "Crossroads of the World" Airport
57%
Huge peninsula the mainland part of Newfoundland is situated on Labrador
55%
Economic crisis that made Newfoundland give up its independence in 1933 Great Depression
54%
Name of the settlement they established around 1000 A.D. Vinland
52%
Large gulf Newfoundland borders to the west Gulf of St. Lawrence
50%
Strait between Newfoundland and Labrador (hint: word for a beautiful girl) {Belle} Isle
45%
Most-visited national park Gros {Morne}
42%
Second biggest population center Corner Brook
34%
Formerly rich fishing grounds off the island of Newfoundland Grand Banks
28%
Politician who was the main force who brought the Newfoundland into the Canadian Confederation in 1949 Joey Smallwood
24%
No matching quizzes found
Score Distribution
Percent of People with Each Score
Percentile by Number Answered
Your Score History
You have not taken this quiz since the last reset